Statistiche per Comuni della provincia di Torino

Clicka qui per fare il quiz!

Statistiche generali

  • Questo quiz è stato fatto 588 volte
  • Il punteggio medio è 61 su 315

Statistiche sulle risposte

ResidentiComune% Corretto
890529Torino
89%
57294Moncalieri
78%
490Settimo Rottaro
77%
47669Settimo Torinese
77%
1560Settimo Vittone
77%
37966Grugliasco
69%
35808Pinerolo
69%
48791Rivoli
68%
36595Chieri
67%
23606Ivrea
67%
4610Riva Presso Chieri
66%
34193Venaria Reale
65%
49905Collegno
64%
48123Nichelino
61%
26749Chivasso
59%
29079Carmagnola
57%
23188Orbassano
57%
6466Susa
56%
3215Bardonecchia
53%
19136Caselle Torinese
53%
8379Pino Torinese
52%
19085San Mauro Torinese
52%
12516Avigliana
51%
929Sestriere
51%
12488Rivarolo Canavese
47%
18909Ciriè
45%
16455Giaveno
44%
3307Oulx
43%
18159Beinasco
42%
13592Borgaro Torinese
42%
10830Santena
42%
1065Ceres
41%
16356Leinì
41%
19887Rivalta di Torino
41%
15416Volpiano
41%
17008Alpignano
39%
11010Trofarello
39%
967Cesana Torinese
37%
598Torre Canavese
37%
14887Vinovo
37%
18589Piossasco
36%
5545Cavour
35%
8005None
35%
4755Sant'Ambrogio di Torino
35%
2631Agliè
34%
5669Candiolo
33%
8874La Loggia
33%
5086Lanzo Torinese
33%
3285Perosa Argentina
33%
533Perosa Canavese
33%
10553Poirino
33%
4779Villastellone
33%
9261Carignano
31%
8622Druento
31%
15152Pianezza
31%
244Sauze di Cesana
31%
8687Brandizzo
30%
156Ceresole Reale
30%
3995Pecetto Torinese
30%
776Pragelato
30%
4092Villar Perosa
30%
3794Airasca
29%
7826Cumiana
29%
10237San Maurizio Canavese
29%
6094Bussoleno
28%
7586Caluso
28%
6107Cambiano
28%
9859Castellamonte
28%
3388Piscina
28%
2643San Giorgio Canavese
28%
3575San Secondo di Pinerolo
28%
5992San Benigno Cavanese
27%
8840Volvera
27%
6401Almese
26%
544Fenestrelle
26%
9432Gassino Torinese
26%
3483Pont-Canavese
26%
4903Rosta
26%
550Baldissero Canavese
25%
3750Baldissero Torinese
25%
7395Luserna San Giovanni
25%
3763Piobesi Torinese
25%
5182Vigone
25%
4306Sant'Antonino di Susa
24%
469Ala di Stura
23%
3287Coazze
23%
3895Pavone Canavese
23%
5005San Francesco al Campo
23%
3732Borgofranco d'Ivrea
22%
3167Bosconero
22%
4638Condove
22%
36Moncenisio
22%
6263Strambino
22%
2229Borgone Susa
21%
6416Castiglione Torinese
21%
2038Pancalieri
21%
1984Andezeno
20%
563Bobbio Pellice
20%
4616Bricherasio
20%
8639Bruino
20%
1258Candia Canavese
20%
1647Chiusa di San Michele
20%
214Claviere
20%
5196Favria
20%
2310Feletto
20%
3921Mathi
20%
5323Montanaro
20%
6892Nole
20%
3147San Raffaele Cimena
20%
1051Viù
20%
1718Albiano d'Ivrea
19%
1316Azeglio
19%
3156Balangero
19%
6419Buttigliera Alta
19%
3277Corio
19%
3446Forno Canavese
19%
2864Frossasco
19%
3406Montalto Dora
19%
3057Robassomero
19%
3339Scalenghe
19%
4729Villafranca Piemonte
19%
3707Sangano
18%
3406San Giusto Canavese
18%
3877Trana
18%
3442Bibiana
17%
1498Locana
17%
1742Lombardore
17%
137Noasca
17%
246Prali
17%
4031San Carlo Canavese
17%
261Alpette
16%
115Balme
16%
3231Banchette
16%
3060Caselette
16%
1803Cercenasco
16%
916Chiomonte
16%
209Usseglio
16%
2137Bollengo
15%
340Cinzano
15%
273Exilles
15%
1677Front
15%
1854San Germano Chisone
15%
3174San Gillio
15%
1448San Pietro Val Lemina
15%
1109Sauze d'Oulx
15%
4551Torre Pellice
15%
3166Valperga
15%
3509Villarbasse
15%
1524Bruzolo
14%
3451Cafasse
14%
2245Castagnole Piemonte
14%
9906Courgnè
14%
2361Foglizzo
14%
1788La Cassa
14%
3051Pinasca
14%
1957Pralormo
14%
1610Rivarossa
14%
596Salbertrand
14%
2881Torrazza Piemonte
14%
186Usseaux
14%
4909Verolengo
14%
1390Campiglione Fenile
13%
1675Chianocco
13%
2695Fiano
13%
3914Givoletto
13%
4184Mazzè
13%
826Meana di Susa
13%
1381Piverone
13%
2659Rivara
13%
1889Rondissone
13%
1458Vaie
13%
3869Val della Torre
13%
1186Villanova Canavese
13%
2042Villar Focchiardo
13%
700Alice Superiore
12%
2086Caprie
12%
774Carema
12%
1930Casalborgone
12%
433Castelnuovo Nigra
12%
2095Chiaverano
12%
1201Germagnano
12%
176Lemie
12%
534Novalesa
12%
1818Reano
12%
1024San Giorio di Susa
12%
907Venaus
12%
2932Villar Dora
12%
1076Villar Pellice
12%
505Andrate
11%
1665Brusasco
11%
1410Buriasco
11%
1050Lombriasco
11%
1257Mercenasco
11%
1141Osasco
11%
1031Quincinetto
11%
1838Salassa
11%
1459Sciolze
11%
1607Barbania
10%
1180Burolo
10%
1687Busano
10%
3553Cantalupa
10%
2237Cavagnolo
10%
692Gravere
10%
52Ingria
10%
786Mezzenile
10%
743Montaldo Torinese
10%
936Osasio
10%
1230Ozegna
10%
2009Roletto
10%
2752Romano Canavese
10%
314Ronco Canavese
10%
2400Rubiana
10%
1600Samone
10%
852San Martino Canavese
10%
1930San Sebastiano da Po
10%
889Angrogna
9%
564Cantoira
9%
1547Coassolo Torinese
9%
332Colleretto Castelnuovo
9%
582Colleretto Giacosa
9%
204Groscavallo
9%
730Inverso Pinasca
9%
1938Lessolo
9%
1351Marentino
9%
838Scarmagno
9%
1078Arignano
8%
586Barone Canavese
8%
1485Cascinette d'Ivrea
8%
1787Castagneto Po
8%
345Chialamberto
8%
631Giaglione
8%
396Isolabella
8%
1478Lauriano
8%
606Pessinetto
8%
1009Pomaretto
8%
1708Rocca Canavese
8%
75Salza di Pinerolo
8%
551San Didero
8%
518Traves
8%
1443Verrua Savoia
8%
277Canischio
7%
923Caravino
7%
205Chiesanuova
7%
258Cintano
7%
274Frassinetto
7%
572Garzigliana
7%
1018Grosso
7%
392Issiglio
7%
1173Loranzè
7%
1229Macello
7%
687Mattie
7%
659Mompantero
7%
883Monteu da Po
7%
823Moriondo Torinese
7%
801Orio Canavese
7%
1102Pavarolo
7%
659Perrero
7%
1083Porte
7%
848Roure
7%
1038Sparone
7%
951Valgioie
7%
774Vallo Torinese
7%
1464Vauda Canavese
7%
1206Virle Piemonte
7%
1328Vische
7%
806Borgomasino
6%
420Brosso
6%
471Brozolo
6%
822Fiorano Canavese
6%
506Lusernetta
6%
440Maglione
6%
350Monastero di Lanzo
6%
778Pertusio
6%
258Pramollo
6%
745Prascorsano
6%
354Quassolo
6%
53Ribordone
6%
257Rorà
6%
290Strambinello
6%
343Traversella
6%
108Valprato Soana
6%
569Borgiallo
5%
384Ciconio
5%
997Cuceglio
5%
442Levone
5%
51Massello
5%
287Nomaglio
5%
1506Oglianico
5%
453Parella
5%
1273Prarostino
5%
1143Rivalba
5%
757Rueglio
5%
810Varisella
5%
534Vistrorio
5%
494Cossano Canavese
4%
559Lusigliè
4%
415Mombello di Torino
4%
1001Montalenghe
4%
837Palazzo Canavese
4%
223Pecco
4%
505Salerano Canavese
4%
383San Colombano Belmonte
4%
267San Ponso
4%
791Tavagnasco
4%
507Vidracco
4%
80Meugliano
3%
328Quagliuzzo
3%
256Vialfrè
3%
849Vico Canavese
3%
790Bario
2%
360Lugnacco
2%
535Pratiglione
2%
119Trausella
2%
805Vestignè
2%
1044Villareggia
1%

Distribuzione punteggi

Percentile per numero di risposta

Percentuale di utenti per punteggio

I tuoi punteggi nel tempo

Non hai fatto questo quiz